| 000 | 00919nac a22003017a 4500 | ||
|---|---|---|---|
| 001 | BR8405431 | ||
| 003 | BR-BrBNA | ||
| 005 | 20240105120216.0 | ||
| 008 | 230509b bl.|||m| |||| 00| 0 por d | ||
| 040 |
_aBR-BrBNA _bpor _cBiblioteca Nacional de Agricultura |
||
| 072 | _aE50; E10 | ||
| 090 | _a2110 BR8405431 | ||
| 110 | 1 |
_aComissao Executiva do Plano da Lavoura Cacaueira, Ilheus, BA (Brasil) _92106 |
|
| 245 | 1 | _aIsto e Nilo Pecanha [Bahia] | |
| 260 | 3 |
_aIlheus, BA (Brasil): _c1984. |
|
| 300 | _a12 p. | ||
| 490 |
_aCidades do Cacau - Comissao Executiva do Plano da Lavoura Cacaueira (Brazil) _vno. 41 _x |
||
| 500 | _a12 illus. | ||
| 650 | _aCIDADE | ||
| 650 | _aHISTORIA | ||
| 650 | _aCACAU | ||
| 650 | _aPRODUTIVIDADE | ||
| 650 | _aDESENVOLVIMENTO ECONOMICO | ||
| 650 | _aDESENVOLVIMENTO SOCIAL | ||
| 650 | _aBAHIA | ||
| 909 |
_a202312 _bLúcia Elande _c55 _dLúcia Elande |
||
| 942 |
_2AGRIS _n0 _cMS |
||
| 999 |
_c278353 _d278353 |
||